Mcfly Quiz - Statistics

General Stats
  • This quiz has been taken 602 times
  • The average score is 13 of 18
Answer Stats
Hint Answer % Correct
Which member won "Im a Celebrity Get Me Out Of Here" in 2011 ? Dougie
97%
Which member won Strictly come dancing in 2012 Harry
96%
Name the Lead Singer/ guitarist Tom Fletcher
96%
Name the Guitarist and singer Danny Jones
93%
Name the Drummer Harry Judd
91%
Name the Bassist Dougie Poynter
89%
Name his wife Giovanna (Falcone) Fletcher
87%
What was Mcfly's first UK number 1 single 5 colours in her hair
85%
How many number 1 singles have Mcfly had in the UK? 7
80%
How Many UK tours have Mcfly had? 10
73%
What film did Mcfly appear in 2006 Just My Luck
73%
And who is he engaged to Izzy Johnston
71%
Name his Girlfriend Georgia Horsley
66%
What town is Danny from? Bolton
65%
Which UK soap did Mcfly feature on back in 2009 Hollyoaks
42%
Name his Girlfriend Lara Carew-Jones
41%
Who was his dancing Partner? Aliona Vilani
39%
Which school did Tom attend? Sylvia Young
30%
No matching quizzes found
Score Distribution
Percent of People with Each Score
Percentile by Number Answered
Your Score History
You have not taken this quiz